<?xml version="1.0" encoding="UTF-8"?><?xml-stylesheet type="text/xsl" href="static/style.xsl"?><OAI-PMH xmlns="http://www.openarchives.org/OAI/2.0/" xmlns:xsi="http://www.w3.org/2001/XMLSchema-instance" xsi:schemaLocation="http://www.openarchives.org/OAI/2.0/ http://www.openarchives.org/OAI/2.0/OAI-PMH.xsd"><responseDate>2026-04-27T21:47:03Z</responseDate><request verb="GetRecord" identifier="oai:uvadoc.uva.es:10324/7897" metadataPrefix="marc">https://uvadoc.uva.es/oai/request</request><GetRecord><record><header><identifier>oai:uvadoc.uva.es:10324/7897</identifier><datestamp>2025-02-20T10:38:30Z</datestamp><setSpec>com_10324_38</setSpec><setSpec>col_10324_852</setSpec></header><metadata><record xmlns="http://www.loc.gov/MARC21/slim" xmlns:doc="http://www.lyncode.com/xoai" xmlns:xsi="http://www.w3.org/2001/XMLSchema-instance" xmlns:dcterms="http://purl.org/dc/terms/" xsi:schemaLocation="http://www.loc.gov/MARC21/slim http://www.loc.gov/standards/marcxml/schema/MARC21slim.xsd">
<leader>00925njm 22002777a 4500</leader>
<datafield tag="042" ind1=" " ind2=" ">
<subfield code="a">dc</subfield>
</datafield>
<datafield tag="720" ind1=" " ind2=" ">
<subfield code="a">Hervalejo Sevillano, Elena</subfield>
<subfield code="e">author</subfield>
</datafield>
<datafield tag="260" ind1=" " ind2=" ">
<subfield code="c">2014</subfield>
</datafield>
<datafield tag="520" ind1=" " ind2=" ">
<subfield code="a">El actual “diluvio de datos” está inundando la Web con grandes volúmenes de información dando lugar a la Web de Datos. Esta es una simplificación de la Web Semántica, que proponía inicialmente superar las limitaciones de la red actual introduciendo descripciones explicitas del significado. Este tipo de datos semánticos se describen habitualmente mediante el lenguaje RDF. &#xd;
DBpedia es la conversión de Wikipedia a un formato RDF. Al igual que la Wikipedia, DBpedia puede ser consultada de manera online, obteniendo múltiples resultados, cada uno de los cuales posee gran cantidad de enlaces a otras páginas. A diferencia de Wikipedia, la información semántica de DBpedia permite conocer el significado de cada uno de los enlaces, pudiendo extraer y filtrar información de manera más avanzada. &#xd;
Este proyecto pretende crear un método de consulta móvil para DBpedia que se beneficie de esta característica para obtener una porción de DBpedia de interés, almacenarla localmente y poder consultarla sin necesidad de disponer de acceso a la red. Para ello se utilizará el formato HDT que permite reducir la redundancia del lenguaje RDF, para favorecer el procesamiento por parte de la máquina y la gestión de los datos.</subfield>
</datafield>
<datafield tag="024" ind2=" " ind1="8">
<subfield code="a">http://uvadoc.uva.es/handle/10324/7897</subfield>
</datafield>
<datafield ind1=" " ind2=" " tag="653">
<subfield code="a">Android (Sistema operativo)</subfield>
</datafield>
<datafield ind1=" " ind2=" " tag="653">
<subfield code="a">Sistemas de información</subfield>
</datafield>
<datafield tag="245" ind1="0" ind2="0">
<subfield code="a">HdTourist: una aplicación ligera para el consumo de información semántica en Android</subfield>
</datafield>
</record></metadata></record></GetRecord></OAI-PMH>